| 000 | 01477nam a22003857a 4500 | ||
|---|---|---|---|
| 003 | CHAP | ||
| 005 | 20220329143505.0 | ||
| 008 | 100129s2009 mx r 00010 spa d | ||
| 010 | _a97428 | ||
| 011 | _a98400 | ||
| 035 | _a109085 | ||
| 040 | _cCHAP | ||
| 090 | _aTesis | ||
| 100 | 1 |
_aGutiérrez Corrales, Juan. _951655 |
|
| 245 | 1 | 0 |
_aTres densidades de siembra en el cultivo de pepino (Cucumis sativus L.) Cv. Turbo en Ocuituco, Morelos _c/por Juan Gutiérrez Corrales |
| 260 |
_aChapingo, Méx. : _bEl autor, _c2009 |
||
| 300 |
_av, 75 h. : _bilus., cuadros, gráfs. |
||
| 502 | _aTesis (Ing. Agr. Esp. en Fitotecnia) -- UACH. Departamento de Fitotecnia | ||
| 530 | _aTambién disponible en línea | ||
| 590 |
_aALEPH _b10 _c20130110 _lUCH01 _h1531 |
||
| 590 |
_aBATCH-UPD _b10 _c20130110 _lUCH01 _h1730 |
||
| 590 |
_aBATCH-UPD _b10 _c20130410 _lUCH01 _h1111 |
||
| 590 |
_aBATCH-UPD _b10 _c20130914 _lUCH01 _h1557 |
||
| 590 |
_aBATCH-UPD _b10 _c20140324 _lUCH01 _h1514 |
||
| 590 |
_aBATCH-UPD _b10 _c20141002 _lUCH01 _h0841 |
||
| 590 |
_aCONVERSION _b10 _c20130109 _lUCH01 _h1354 |
||
| 650 | 0 | 4 |
_aPepino _xCalidad. _986897 |
| 650 | 1 | 4 |
_aPepino _xRendimiento. _986928 |
| 650 | 1 | 4 |
_aPepino _zMorelos. _986936 |
| 856 |
_3Finding aid _uhttp://10.13.5.2/tesis/109085.pdf _zTeclea aqui |
||
| 901 | _aBK | ||
| 942 | _cFOLL | ||
| 949 |
_aTesis _bBC _cTES _d33724002131280 _eTS1 _gDonaciØn _h49937 _i109085 _sb |
||
| 949 |
_aTesis _bBC _cTES _d33724002131322 _eTS2 _fc.2 _gDonaciØn _h49938 _i109085 _sb |
||
| 999 |
_c97428 _d97428 |
||